000 00281nam a2200121Ia 4500
008 190216s9999||||xx |||||||||||||| ||und||
100 _aJanardhanapillai
245 0 _aAlgebra1 3rd Bsc
260 _bAjith Book Center
_c1996
300 _a72
650 _aMathematics
942 _cBK
999 _c31343
_d31343